Toán Olympic cho sinh viên
Bộ sách này gồm 2 tập. Sách được biên soạn từ nhiều tài liệu thi vô địch toán toàn Liên xô ( cũ ). Sách gồm một phần bài giải mẫu và một phần quan trọng các bài tập tự giải ở nhiều dạng khác nhau....
Wedi'i Gadw mewn:
| Prif Awdur: | |
|---|---|
| Fformat: | Llyfr |
| Iaith: | Undetermined |
| Cyhoeddwyd: |
Hà Nội
Giáo dục
2000
|
| Pynciau: | |
| Tagiau: |
Ychwanegu Tag
Dim Tagiau, Byddwch y cyntaf i dagio'r cofnod hwn!
|
| Thư viện lưu trữ: | Trung tâm Học liệu Trường Đại học Cần Thơ |
|---|
| LEADER | 00893nam a2200217Ia 4500 | ||
|---|---|---|---|
| 001 | CTU_37087 | ||
| 008 | 210402s9999 xx 000 0 und d | ||
| 020 | |c 17600 | ||
| 082 | |a 515.076 | ||
| 082 | |b C561/T.1 | ||
| 100 | |a Trần, Lưu Cường | ||
| 245 | 0 | |a Toán Olympic cho sinh viên | |
| 245 | 0 | |c Trần Lưu Cường | |
| 260 | |a Hà Nội | ||
| 260 | |b Giáo dục | ||
| 260 | |c 2000 | ||
| 520 | |a Bộ sách này gồm 2 tập. Sách được biên soạn từ nhiều tài liệu thi vô địch toán toàn Liên xô ( cũ ). Sách gồm một phần bài giải mẫu và một phần quan trọng các bài tập tự giải ở nhiều dạng khác nhau. | ||
| 650 | |a Mathematics | ||
| 650 | |x Problems, exercises | ||
| 904 | |i Bạch Trúc | ||
| 980 | |a Trung tâm Học liệu Trường Đại học Cần Thơ | ||